Illustrated monograph of the rice field spiders of Bangladesh/ (Record no. 55232)
[ view plain ]
| 000 -LEADER | |
|---|---|
| fixed length control field | 00779nam a2200217 4500 |
| 001 - CONTROL NUMBER | |
| control field | 55232 |
| 003 - CONTROL NUMBER IDENTIFIER | |
| rucl marc code | BD-RjUL |
| 005 - DATE AND TIME OF LATEST TRANSACTION | |
| control field | 20211209080233.0 |
| 008 - FIXED-LENGTH DATA ELEMENTS--GENERAL INFORMATION | |
| fixed length control field | 161115s1993 bg ||||| |||| 00| 0 eng d |
| 035 ## - SYSTEM CONTROL NUMBER | |
| System control number | (BD-RjUL)55354 |
| 040 ## - CATALOGING SOURCE | |
| Language of cataloging | ENG |
| Transcribing agency | BD-RjUL |
| 041 ## - LANGUAGE CODE | |
| Language code of text/sound track or separate title | ENG |
| 082 ## - DEWEY DECIMAL CLASSIFICATION NUMBER | |
| Edition number | 23 |
| Classification number | 306.09549214 |
| Author mark and year | OKI 1993 |
| 100 ## - MAIN ENTRY--PERSONAL NAME | |
| Personal name | Okuma, Chiyoko ; IPSA-JICA Project. |
| 9 (RLIN) | 164553 |
| 245 ## - TITLE STATEMENT | |
| Title | Illustrated monograph of the rice field spiders of Bangladesh/ |
| Statement of responsibility, etc. | Chiyoko Okuma [and others]. |
| 260 ## - PUBLICATION, DISTRIBUTION, ETC. (IMPRINT) | |
| Place of publication, distribution, etc. | Gazipur, Bangladesh : |
| Name of publisher, distributor, etc. | Institute of Postgraduate Studies in Agriculture, |
| Date of publication, distribution, etc. | 1993. |
| 300 ## - PHYSICAL DESCRIPTION | |
| Pagination | [4], 93 pages : |
| Illustrations | illustrations (chiefly color), map ; |
| Size | 23 cm. |
| 490 ## - SERIES STATEMENT | |
| Series statement | IPSA-JICA Project publication, no. 1. |
| 650 ## - SUBJECT ADDED ENTRY--TOPICAL TERM | |
| Topical term or geographic name as entry element | Manners and customs |
| Geographic subdivision | Bangladesh |
| 9 (RLIN) | 164554 |
| 942 ## - ADDED ENTRY ELEMENTS (KOHA) | |
| Source of classification or shelving scheme | Dewey Decimal Classification |
| Koha item type | Books |
| Lost status | Source of classification or shelving scheme | Damaged status | Not for loan | Permanent Location | Current Location | Shelving location | Date acquired | Source of acquisition | Total Checkouts | Full call number | Date last seen | Copy number | Koha item type |
|---|---|---|---|---|---|---|---|---|---|---|---|---|---|
| Dewey Decimal Classification | Not For Loan | Institute of Biological Sciences (IBSc) Library | Institute of Biological Sciences (IBSc) Library | Institute Library | 15/11/2016 | Purchase | 306.09549214 OKI 1993 | 15/11/2016 | C-1 | Books |